000 00891nam a2200253Ia 4500
003 OSt
005 20220923224741.0
006 a|||||r|||| 00| 0
007 ta
008 220922b |||||||| |||| 00| 0 hin d
024 _a249,490
037 _cTextual
040 _aARTS
_cARTS
_bhin
041 _2hin
_ahin
082 _aO152,1:g(P:75), L2
100 _aगुप्त, सुरेशचन्द्र
245 0 _aकाव्यशास्त्र
_b सिद्धान्त और वाद
246 _aKāvyashāstra: siddhānta aur vāda
260 _aनई दिल्ली
_b आर्य बुक डिपो
_c1972
300 _a222पृ.
_ccm.
650 _aहिन्दी साहित्य
_9156264
942 _hO152,1:g(P:75), L2
_cTEXL
_2CC
999 _c373407
_d373407